¿Prosperidad o ilusión? (Registro nro. 7074)
[ vista simple ]
| 000 -LEADER | |
|---|---|
| fixed length control field | 00991 a2200217 4500 |
| 001 - CONTROL NUMBER | |
| control field | 60618 |
| 005 - DATE AND TIME OF LATEST TRANSACTION | |
| control field | 20260407155857.0 |
| 008 - FIXED-LENGTH DATA ELEMENTS--GENERAL INFORMATION | |
| fixed length control field | 260407a2002 arg spa d |
| 003 - CONTROL NUMBER IDENTIFIER | |
| control field | AR-UNSa-BCEJYS |
| 040 ## - CATALOGING SOURCE | |
| Original cataloging agency | AR-UNSa-BCEJYS |
| Language of cataloging | spa |
| Transcribing agency | AR-UNSa-BCEJYS |
| 080 ## - UNIVERSAL DECIMAL CLASSIFICATION NUMBER | |
| Universal Decimal Classification number | 342.2 |
| Common auxiliary subdivision | Estado. Formas del Estado (Reforma del Estado) |
| 020 ## - INTERNATIONAL STANDARD BOOK NUMBER | |
| International Standard Book Number | 978-950-569-184-5 |
| 041 ## - LANGUAGE CODE | |
| Language code of text/sound track or separate title | spa |
| 100 1# - MAIN ENTRY--PERSONAL NAME | |
| Personal name | Díaz, Rodolfo |
| 245 10 - TITLE STATEMENT | |
| Title | ¿Prosperidad o ilusión? |
| Name of part/section of a work | Las reformas de los 90 en la Argentina |
| 264 #1 - PRODUCTION, PUBLICATION, DISTRIBUTION, MANUFACTURE, AND COPYRIGHT NOTICE | |
| Place of production, publication, distribution, manufacture | Buenos Aires : |
| Name of producer, publisher, distributor, manufacturer | Abaco |
| Date of production, publication, distribution, manufacture, or copyright notice | 2002 |
| 300 ## - PHYSICAL DESCRIPTION | |
| Extent | 349 p. |
| Dimensions | 23 cm. |
| 505 ## - FORMATTED CONTENTS NOTE | |
| Formatted contents note | 1. La reforma económica - 2. La reforma del estado – 3. La reforma monetaria – 4. La reforma fiscal – 5. La reforma educativa – 6. La reforma laboral – 7. La reforma previsional – 8. La reforma constitucional – 9. La reforma administrativa – 10. Los decretos de necesidad y urgencia – 11. Las denuncias de corrupción – 12. El debate público |
| 590 ## - LOCAL NOTE (RLIN) | |
| Local note | niveau_biblio:m niveau_hierar:0 |
| 942 ## - ADDED ENTRY ELEMENTS (KOHA) | |
| Koha item type | |
| Withdrawn status | Lost status | Damaged status | Not for loan | Home library | Current library | Shelving location | Date acquired | Total checkouts | Full call number | Barcode | Date last seen | Price effective from | Koha item type | Public note |
|---|---|---|---|---|---|---|---|---|---|---|---|---|---|---|
| Biblioteca Prof. Eusebio Cleto del Rey | Biblioteca Prof. Eusebio Cleto del Rey | 07/04/2026 | 342.2 D542 | L129265 | 07/04/2026 | 07/04/2026 | Libro | RESALTADOR PÁG 7,20,21,28,29,263,264,280 A 283 - CANTO LATERAL E INFERIOR CON MANCHITA |